000 00313nam a2200133Ia 4500
100 _aSrinivastava/ A.N.
942 _cBK
654 _atensors
245 _aTensor Calculus : Theory and Problems
260 _bUniversities Press
_aHyderabad
_c1992
082 _a515.63
_bSRI
300 _a119
546 _aENGLISH
999 _c33716
_d33716